00946nam a2200241Ia 4500001000700000003000500007008004100012010001100053020002200064040000900086082001600095100003500111245007400146260004900220300001100269500012100280503008200401504005200483650002300535650003100558650001500589710010000604Z_6610CHAP220113s2011 xx 000 0 und d a169881 a978-607-9086-05-3 cCHAP a633.202 C36 aCantú Brito, Jesús Enrique aManejo y mejoramiento de pastizales /cJesús Enrique Cantú Brito aMéxico :bDoble Hélice Ediciones,c2011 a319 p. aEn portada: El pastizal como ecosistema, evaluación del pastizal, sistemas de pastoreo, mejoramiento de pastizales aej.1: consumo \ ej.2: consumo \ ej.3: consumo \ ej.4: consumo \ ej.5: consumo aBibliografía: p. 299 - 319, incliuye índice aManejo de pastizal aMejoramiento de pastizales aPaztizales aUniversidad Autonoma Agraria "Antonio Narro" . Unidad Laguna. Departamento de Produccion Animal